Перемещение и складирование горной массы (Запись № 470753)

Подробности
000 -МАРКЕР
контрольное поле 02100nam0a2200373 4500
001 - ИДЕНТИФИКАТОР ЗАПИСИ
контрольное поле RU\NLR\bibl\389217
005 - ИДЕНТИФИКАТОР ВЕРСИИ
контрольное поле 20260408164405.0
010 ## - МЕЖДУНАРОДНЫЙ СТАНДАРТНЫЙ НОМЕР КНИГИ (ISBN)
Номер (ISBN) 5-7418-0188-9
Тираж 300 (допеч. тиража)
035 ## - ДРУГИЕ СИСТЕМНЫЕ НОМЕРА
Идентификатор записи (NLR Aleph) 000383532
100 ## - ДАННЫЕ ОБЩЕЙ ОБРАБОТКИ
Данные общей обработки 20030414d2000 u y0rusy50 ca
101 0# - ЯЗЫК РЕСУРСА
Язык текста, звукозаписи и т.д. русский
102 ## - СТРАНА ПУБЛИКАЦИИ ИЛИ ПРОИЗВОДСТВА
Страна публикации Российская Федерация
105 ## - ПОЛЕ КОДИРОВАННЫХ ДАННЫХ: ТЕКСТОВЫЕ МАТЕРИАЛЫ, МОНОГРАФИЧЕСКИЕ
Кодированные данные о монографическом текстовом документе a |||||||||
200 1# - ЗАГЛАВИЕ И СВЕДЕНИЯ ОБ ОТВЕТСТВЕННОСТИ
Основное заглавие Перемещение и складирование горной массы
Параллельное заглавие Novement and storage of rock mass
Сведения, относящиеся к заглавию Учеб. для студентов вузов по направлению "Горн. дело", спец. "Физ. процессы горн. и нефтегаз. пр-ва"
Первые сведения об ответственности С.А. Гончаров
Последующие сведения об ответственности [Моск. гос. горн. ун-т]
Язык параллельного заглавия английский
205 ## - СВЕДЕНИЯ ОБ ИЗДАНИИ
Сведения об издании 2-е изд., стереотип.
210 ## - ПУБЛИКАЦИЯ, РАСПРОСТРАНЕНИЕ И ДР.
Место издания, распространения и т.д. М.
Имя издателя, распространителя и т. д. Издательство МГГУ
Дата издания, распространения и т.д. 2000
215 ## - ФИЗИЧЕСКАЯ ХАРАКТЕРИСТИКА
Специфическое обозначение материала и объем 284 с.
Другие сведения о физической характеристике ил.
Размеры 21
225 1# - СЕРИЯ
Основное заглавие серии Высшее горное образование
Параллельное заглавие серии Mining education
Язык параллельного заглавия английский
300 ## - ОБЩИЕ ПРИМЕЧАНИЯ
Текст примечания Авт. также на англ. яз.:S.A. Goncharov
320 ## - ПРИМЕЧАНИЯ О НАЛИЧИИ В ДОКУМЕНТЕ БИБЛИОГРАФИИ / УКАЗАТЕЛЯ
Текст примечания Библиогр.: с. 273 (11 назв.)
320 ## - ПРИМЕЧАНИЯ О НАЛИЧИИ В ДОКУМЕНТЕ БИБЛИОГРАФИИ / УКАЗАТЕЛЯ
Текст примечания Предм. указ.: с. 274-279
510 0# - ПАРАЛЛЕЛЬНОЕ ЗАГЛАВИЕ
Параллельное заглавие Novement and storage of rock mass
Язык заглавия английский
606 0# - НАИМЕНОВАНИЕ ТЕМЫ КАК ПРЕДМЕТ
Наименование темы Рудничный транспорт
Формальный подзаголовок Руководства, пособия и т.п. для высшей школы
Системный номер авторитетной/нормативной записи 1260915
Идентификатор авторитетной/нормативной записи RU\NLR\auth\66200166
606 0# - НАИМЕНОВАНИЕ ТЕМЫ КАК ПРЕДМЕТ
Наименование темы Рудничный транспорт
Формальный подзаголовок Учебные издания для высшей школы
Системный номер авторитетной/нормативной записи 1260915
Идентификатор авторитетной/нормативной записи RU\NLR\auth\66200166
606 ## - НАИМЕНОВАНИЕ ТЕМЫ КАК ПРЕДМЕТ
Наименование темы Отвалы (горн.)
Формальный подзаголовок Руководства, пособия и т.п. для высшей школы
Идентификатор авторитетной/нормативной записи RU\NLR\auth\66456094
Системный номер авторитетной/нормативной записи 1144609
606 ## - НАИМЕНОВАНИЕ ТЕМЫ КАК ПРЕДМЕТ
Наименование темы Отвалы (горн.)
Формальный подзаголовок Учебные издания для высшей школы
Идентификатор авторитетной/нормативной записи RU\NLR\auth\66456094
Системный номер авторитетной/нормативной записи 1144609
686 ## - ИНДЕКСЫ ДРУГИХ КЛАССИФИКАЦИЙ
Индекс И16я73-1
700 #1 - ИМЯ ЛИЦА - ПЕРВИЧНАЯ ОТВЕТСТВЕННОСТЬ
Код отношения Автор
Материалы, к которым относится поле rus
Графика поля Кириллица
Начальный элемент ввода Гончаров
Часть имени, кроме начального элемента ввода С. А.
Дополнения к именам, кроме дат д-р техн. наук
Даты 1953-
Расширение инициалов личного имени Степан Алексеевич
Идентификатор авторитетной/нормативной записи RU\NLR\auth\7743302
Системный номер авторитетной/нормативной записи 26245
801 #0 - ИСТОЧНИК ЗАПИСИ
Страна Российская Федерация
Организация NLR
Дата составления 20030414
Правила каталогизации PSBO
801 #1 - ИСТОЧНИК ЗАПИСИ
Страна Российская Федерация
Организация NLR
Дата составления 20030414
942 ## - ДОПОЛНИТЕЛЬНЫЕ ЭЛЕМЕНТЫ ЗАПИСИ (АБИС)
Тип экземпляра АБИС Книга
980 ## - КОЛЛЕКЦИЯ
Название коллекции Национальная библиография
Экземпляры
Тип экземпляра Дата поступления Источник поступления Стоимость Библиотека постоянного хранения Библиотека текущего хранения Место хранения Шифр хранения Штрих-код Статус экземпляра
Книга 14.04.2003 Покупка 220.00 РНБ (Московский) РНБ (Московский) Русский книжный фонд: издания с 1957 года 2003-3/9451 463760  
Книга 14.04.2003 Подсобные фонды РНБ   РНБ (Московский) РНБ (Московский) Фонд общего зала литературы по технике   463761